000 00595nam a2200181Ia 4500
008 090630s9999 xx 000 0 und d
082 _b24381
100 _aबनहट्रटी अनिरुध्द.
245 _aजादू.
_cबनहट्रटी अनिरुध्द.
260 _bसंयम - पुणे.
300 _a0
600 _aबनहट्रटी अनिरुध्द.
630 _aजादू.
655 _aलघुकथा.
700 _aबनहट्रटी अनिरुध्द.
730 _aजादू.
942 _cBOOK
999 _c276237
_d276237